Største øyer i Norge - Statistics

General Stats
  • This quiz has been taken 77 times
  • The average score is 7 of 25
Answer Stats
Areal (kvm) Answer % Correct
1589 Senja
70%
569 Hitra
61%
2204 Hinnøya
58%
241 Stord
41%
178 Karmøy
39%
336 Kvaløya (Finnmark)
39%
737 Kvaløya (Troms)
39%
330 Osterøy
39%
490 Andøya
36%
176 Sotra
36%
812 Sørøya
33%
216 Smøla
31%
413 Vestvågøya
27%
530 Austvågøya
25%
867 Langøya
25%
435 Magerøya
25%
661 Ringvassøya
14%
584 Seiland
14%
184 Moskenesøya
11%
276 Arnøya
8%
227 Vannøya
6%
245 Stjernøya
5%
188 Tjeldøya
3%
198 Tysnesøya
3%
165 Hareidlandet
2%
No matching quizzes found
Score Distribution
Percent of People with Each Score
Percentile by Number Answered
Your Score History
You have not taken this quiz